Vista normal
Vista MARC
Entrada Topical Term
Número de registros utilizados en: 1
001 - CONTROL NUMBER
- control field: 24572
003 - CONTROL NUMBER IDENTIFIER
- control field: OSt
005 - DATE AND TIME OF LATEST TRANSACTION
- control field: 20210310223447.0
008 - FIXED-LENGTH DATA ELEMENTS
- fixed length control field: 210310|| aca||aabn | a|a d
040 ## - CATALOGING SOURCE
- Original cataloging agency: OSt
- Transcribing agency: OSt
150 ## - HEADING--TOPICAL TERM
- Topical term or geographic name entry element: Administración del riesgo.-- Administración financiera..-- Empresarios industriales..-- Riesgo de liquidez.-- Rentabilidad.-- Valor en riesgo.-- Costos de capital.-- Planificación financiera
670 ## - SOURCE DATA FOUND
- Source citation: Work cat.: (OSt): Jaime de gamboa 24570, ¿Cómo utilizar las finanzas para sobrevivir?, 2009